000 00311pam a2200133 a 4500
020 _c
041 _h
082 _a025.1
_bMIT
100 _aMITTAL R.L.,
245 _aLIBRARY ADMINISTRATION
_hTextual Documents
260 _aNEW DELHI
_bMETROPOLITAN BOOK CO PVT LTD
_c1984
300 _aXX+840
930 _a9780
999 _c129233
_d129233